VB.net hand book (Record no. 194274)

MARC details
000 -LEADER
fixed length control field 00340nam a2200145Ia 4500
008 - FIXED-LENGTH DATA ELEMENTS--GENERAL INFORMATION
fixed length control field 231217s9999 xx 000 0 und d
041 ## - LANGUAGE CODE
Language code of text/sound track or separate title English
082 ## - DEWEY DECIMAL CLASSIFICATION NUMBER
Classification number 001.6424BAS SSI;1 R
100 ## - MAIN ENTRY--PERSONAL NAME
Personal name SSI Press.
245 #0 - TITLE STATEMENT
Title VB.net hand book
260 ## - PUBLICATION, DISTRIBUTION, ETC.
Date of publication, distribution, etc. NULL
Name of publisher, distributor, etc. SSI Press
Place of publication, distribution, etc. Chennai
300 ## - PHYSICAL DESCRIPTION
Extent 353
650 ## - SUBJECT ADDED ENTRY--TOPICAL TERM
Topical term or geographic name entry element VB.net,hand
942 ## - ADDED ENTRY ELEMENTS (KOHA)
Koha item type Books
Holdings
Date last seen Total checkouts Full call number Accession number Price effective from Category Public note Lost status Damaged status Department Withdrawn status Home library Current library Shelving location Entry date Grants Billdate Currency symbol Conversion rate Discount Old discount
26/01/2024   001.6424BAS SSI;1 R 83364 26/01/2024 Books Donated By Education Library     Central Library   Central Library Central Library Central Library 23/01/2013 DONATED 20/09/2016 RS 1    

© For any Suggestions or Query, please contact the library staff @ librarian@pes.edu or Phone: +9180 2672 1983/ 2108.